000 00379nam a2200145Ia 4500
008 230917s9999||||xx |||||||||||||| ||und||
040 _e37209
_aMAIN
041 _aEnglish
082 _a954.03 H27I
100 _aHasan, Mushirul, ed.
245 0 _aIndia's colonial encounter: Essays in memory of Eric Stokes
260 _bNew Delhi
_c1993
300 _aix, 412 p.
942 _cBK
999 _c94148
_d94148